000 00327nam a2200145Ia 4500
008 230312s9999||||xx |||||||||||||| ||und||
020 _a0-7063-7655-2
082 _a720.19
_bLOC-C
100 _aLock Ward
245 0 _aCreating a Home
260 _bPTY
_aLondon
_c1997
300 _a96
650 _aArchitecture
942 _cBK
999 _c11652
_d11652